|
|
|
|
| LEADER |
00000nam2a2200000 4500 |
| 001 |
323880 |
| 005 |
20231101022919.0 |
| 035 |
|
|
|a (RuTPU)RU\TPU\book\349468
|
| 035 |
|
|
|a RU\TPU\book\305328
|
| 090 |
|
|
|a 323880
|
| 100 |
|
|
|a 20150123d1969 k y0rusy50 ca
|
| 101 |
0 |
|
|a rus
|
| 102 |
|
|
|a RU
|
| 105 |
|
|
|a a z 001zy
|
| 200 |
0 |
|
|a Вып. 34 : Кора выветривания на массивах ультраосновных-щелочных пород и карбонатитов
|f Е. А. Зверева, Г. В. Писемский
|g гл. ред. А. И. Гинзбург
|
| 210 |
|
|
|d 1969
|
| 215 |
|
|
|a 204 с.
|c ил.
|
| 333 |
|
|
|a Исключено из фонда НТБ ТПУ
|
| 461 |
|
1 |
|0 (RuTPU)RU\TPU\book\92447
|t Геология месторождений редких элементов
|o [сборник]
|f Всесоюзный научно-исследовательский институт минерального сырья (ВИМС)
|v Вып. 34 : Кора выветривания на массивах ультраосновных-щелочных пород и карбонатитов
|d 1958-1972
|
| 700 |
|
1 |
|a Зверева
|b Е. А.
|
| 701 |
|
1 |
|a Писемский
|b Г. В.
|
| 702 |
|
1 |
|a Гинзбург
|b А. И.
|4 651
|
| 801 |
|
1 |
|a RU
|b 63413507
|c 20161031
|
| 801 |
|
2 |
|a RU
|b 63413507
|c 20220520
|g RCR
|
| 942 |
|
|
|c BK
|